[Event "Rilton Cup9495"]
[Site "Stockholm"]
[Date "1994.??.??"]
[Round "5"]
[White "Eklund, Mathias"]
[Black "Couso, Luis"]
[Result "0-1"]
[WhiteElo "2210"]
[BlackElo "2335"]

1.d4 Nf6 2.c4 g6 3.Nc3 Bg7 4.e4 d6 5.Nf3 O-O 6.Be2 e5 7.O-O exd4 8.Nxd4 Re8
9.f3 Nh5 10.f4 Nf6 11.Bf3 a6 12.Be3 Nbd7 13.Qc2 Rb8 14.Rad1 Qe7 15.Rfe1 c5
16.Nb3 Qf8 17.Qd3 b5 18.cxb5 axb5 19.Qxd6 b4 20.Qxf8+ Bxf8 21.Nd5 Nxd5 22.exd5 Ra8
23.Ra1 Bb7 24.Kf2 c4 25.Nd2 Nc5 26.Bxc5 Bxc5+ 27.Kg3 Rxe1 28.Rxe1 c3 29.bxc3 bxc3
30.Nb3 Bd6 31.Rc1 Rc8 32.Kg4 Rc4 33.g3 Bc8+ 34.Kg5 Kg7 35.Re1 h6+ 36.Kh4 g5+
37.Kh5 Bf5 38.Na5 Ra4 39.Nc6 Rxa2 40.h4 Rh2 41.fxg5  0-1

[Event "Rilton Cup9495"]
[Site "Stockholm"]
[Date "1994.??.??"]
[Round "5"]
[White "Fant, Goran"]
[Black "Wieweg, Johnny"]
[Result "1-0"]
[WhiteElo "2080"]
[BlackElo "2270"]

1.d4 Nf6 2.c4 g6 3.Nc3 Bg7 4.e4 d6 5.Nf3 O-O 6.Be2 e5 7.d5 Na6 8.Bg5 h6 9.Bh4 Qe8
10.Nd2 Nh7 11.f3 f5 12.Qc2 Bd7 13.a3 c5 14.dxc6 bxc6 15.b4 Nc7 16.Bd3 d5
17.Na4 fxe4 18.fxe4 d4 19.Nc5 a5 20.bxa5 Rxa5 21.Ndb3 Ra7 22.Bf2 Ng5 23.O-O Nge6
24.a4 Nf4 25.Bg3 Nce6 26.a5 h5 27.Nxe6 Bxe6 28.Bxf4 exf4 29.a6 g5 30.c5 g4
31.Nd2 Bh6 32.Nc4 f3 33.Nd6 Be3+ 34.Kh1 Qe7 35.gxf3 gxf3 36.Nf5 Rxf5 37.exf5 Bd5
38.Bc4 Kh8 39.Bxd5 cxd5 40.Rxf3  1-0

[Event "Stockholm op2"]
[Site "Stockholm"]
[Date "1994.??.??"]
[Round "7"]
[White "Kyhle, Bo"]
[Black "Pepic, Rizo"]
[Result "1/2-1/2"]
[WhiteElo "2265"]
[BlackElo "2280"]

1.Nf3 Nf6 2.c4 g6 3.Nc3 Bg7 4.d4 O-O 5.e4 d6 6.Be2 e5 7.d5 Ne8 8.h4 h6 9.h5 g5
10.Be3 f5 11.exf5 Bxf5 12.Nh2 Nd7 13.Bg4 Bxg4 14.Nxg4 Nef6 15.Nxf6+ Nxf6
16.Qc2 e4 17.O-O-O Ng4 18.Qxe4 Nxf2 19.Qe6+ Kh8 20.Bd4 Bxd4 21.Qxh6+ Kg8
22.Rxd4 Qf6 23.Qxf6 Rxf6 24.Re1 Raf8 25.Re7 R8f7 26.Rxf7 Rxf7 27.Kd2  1/2-1/2

[Event "Stockholm op2"]
[Site "Stockholm"]
[Date "1994.??.??"]
[Round "7"]
[White "Hedman, Erik"]
[Black "Degerman, Lars"]
[Result "0-1"]
[WhiteElo "2285"]
[BlackElo "2465"]

1.d4 Nf6 2.c4 g6 3.Nc3 Bg7 4.e4 d6 5.Nf3 O-O 6.Be2 e5 7.Be3 c6 8.d5 Ng4 9.Bg5 f6
10.Bd2 Na6 11.O-O f5 12.Ne1 Nf6 13.exf5 Bxf5 14.g4 Bd7 15.g5 Ne8 16.Bg4 cxd5
17.cxd5 Rc8 18.Be3 Rc4 19.Be2 Rcf4 20.Bxf4 Rxf4 21.Ng2 Qxg5 22.Kh1 Rb4 23.Ne3 Nf6
24.b3 Rd4 25.Qc1 Bh6 26.Bf3 Rh4 27.Ng2 Qxc1 28.Rfxc1 Bxc1 29.Rxc1 Rd4 30.Ne3 Nc5
31.Nc4 Nd3 32.Rf1 Bh3 33.Bg2 Bxg2+ 34.Kxg2 Nxd5 35.Nb5 Rg4+ 36.Kf3 Rf4+ 37.Kg2 a6
38.Nbxd6 b5 39.Ne3 Rxf2+ 40.Rxf2 Nxe3+ 41.Kf3 Nxf2 42.Kxe3 Ng4+ 43.Ke4 Nxh2
44.Nxb5 axb5 45.a4 bxa4 46.bxa4 Ng4 47.a5 Nf6+ 48.Kxe5 Ne8 49.a6 Nc7 50.a7 h5  0-1

[Event "Rilton Cup9495"]
[Site "Stockholm"]
[Date "1994.??.??"]
[Round "8"]
[White "Degerman, Lars"]
[Black "Ostergaard, Dan"]
[Result "1-0"]
[WhiteElo "2490"]
[BlackElo "2245"]

1.d4 Nf6 2.c4 g6 3.Nc3 Bg7 4.e4 d6 5.Nf3 O-O 6.Be2 e5 7.Be3 h6 8.O-O Ng4
9.Bc1 Nc6 10.d5 Ne7 11.Nd2 f5 12.exf5 gxf5 13.Bxg4 fxg4 14.Nde4 b6 15.Be3 a5
16.a3 Ng6 17.b4 Nf4 18.c5 bxc5 19.bxc5 Rf7 20.cxd6 cxd6 21.Nb5 Bf8 22.a4 h5
23.Rc1 Bf5 24.Rc4 h4 25.Bxf4 exf4 26.Nd4 Qd7 27.Ng5 h3 28.Nxf7 hxg2 29.Re1 Qxf7
30.Nxf5 Qxf5 31.Qb1 Qg5 32.Qe4 Bh6 33.Kxg2 Rf8 34.Qe6+ Kh8 35.Qxd6  1-0

[Event "SVK-chT"]
[Site "?"]
[Date "1994.??.??"]
[Round "?"]
[White "Juhasz, Laszlo"]
[Black "Hartl, J."]
[Result "0-1"]
[WhiteElo "2005"]
[BlackElo "2135"]

1.d4 Nf6 2.c4 g6 3.Nc3 Bg7 4.Nf3 O-O 5.e4 d6 6.Be2 Nbd7 7.O-O e5 8.dxe5 dxe5
9.Qc2 c6 10.Rd1 Qc7 11.b3 Re8 12.Ba3 Bf8 13.Bxf8 Nxf8 14.Qd2 Kg7 15.Qd6 Qxd6
16.Rxd6 Bg4 17.Rad1 Bxf3 18.Bxf3 Ne6 19.R6d3 Kf8 20.Kf1 Ke7 21.b4 a5 22.a3 axb4
23.axb4 Red8 24.g3 Rd4 25.Rxd4 Nxd4 26.Bg2 Ra3 27.Rc1 Nd7 28.Ke1 Rb3 29.b5 Nc5
30.Bf1 Rb2 31.Rb1 Nf3+ 32.Kd1 Rd2+ 33.Kc1 Rxf2 34.Be2 Nd4 35.Rb2 Rxh2 36.bxc6 Nxc6
37.Kb1 Rg2 38.g4  0-1

[Event "SVK-chT"]
[Site "?"]
[Date "1994.??.??"]
[Round "11"]
[White "Sarkozy, Ladislav"]
[Black "Timoshchenko, Gennadi A"]
[Result "1/2-1/2"]
[WhiteElo "2330"]
[BlackElo "2540"]

1.d4 Nf6 2.c4 g6 3.Nc3 Bg7 4.e4 d6 5.Nf3 O-O 6.Be2 e5 7.dxe5 dxe5 8.Qxd8 Rxd8
9.Bg5 c6 10.Nxe5 Re8 11.Rd1 Na6 12.Nf3 h6 13.Be3 Nb4 14.Rd2 Kh7 15.a3 Na6
16.h4 Bg4 17.Bd3 Nd7 18.Nd4 Nac5 19.Bc2 Ne5 20.b3 Rad8 21.O-O a5 22.a4 Ned3
23.Nde2 Bxe2 24.Nxe2 Nb4 25.Rxd8 Rxd8 26.Bxc5 Nxc2 27.Bb6 Rd2 28.Ng3 Nd4
29.Bxa5 Rd3 30.b4 Rc3 31.c5 Ra3 32.Rd1 Rxa4 33.Kf1 Nb3 34.Rd7 Nxa5 35.bxa5 Kg8
36.Rxb7 Rxa5 37.Rb8+ Bf8 38.e5 Rxc5 39.Ne4 Rc1+ 40.Ke2 Kg7 41.Nf6 Rc2+ 42.Ke1 Rc4
43.Ne8+ Kg8 44.Nf6+ Kg7 45.Ne8+ Kg8 46.Nf6+ Kg7 47.Ne8+  1/2-1/2

[Event "SVK-chT"]
[Site "?"]
[Date "1994.??.??"]
[Round "14"]
[White "Timoshchenko, Gennadi A"]
[Black "Balogh, Peter"]
[Result "1-0"]
[WhiteElo "2540"]
[BlackElo "2230"]

1.d4 Nf6 2.c4 g6 3.Nc3 Bg7 4.e4 d6 5.Nf3 O-O 6.Be2 e5 7.Be3 h6 8.O-O Ng4
9.Bc1 Nc6 10.d5 Ne7 11.Nd2 h5 12.h3 Nh6 13.b4 f5 14.exf5 Nhxf5 15.Nde4 a5
16.bxa5 Rxa5 17.a4 b6 18.Ba3 Nd4 19.Bb4 Ra8 20.a5 bxa5 21.Bxa5 Bf5 22.Bd3 Bxh3
23.gxh3 Nf3+ 24.Kg2 Nh4+ 25.Kh1 Qd7 26.Ng5 Rf3 27.Be4 Rxh3+ 28.Kg1 Rf8 29.Re1 Nef5
30.Nxh3 Nd4 31.Re3  1-0

[Event "SWE-chT 9394"]
[Site "SWE"]
[Date "1994.??.??"]
[Round "4"]
[White "Cramling, Dan"]
[Black "Ostergaard, Dan"]
[Result "1-0"]
[WhiteElo "2420"]
[BlackElo "2235"]

1.c4 g6 2.Nc3 Bg7 3.d4 Nf6 4.e4 d6 5.Nf3 O-O 6.Be2 e5 7.d5 a5 8.Bg5 h6 9.Bh4 Na6
10.Nd2 Qe8 11.a3 h5 12.b4 Nh7 13.f3 Bh6 14.Bf2 Bd7 15.Rb1 axb4 16.axb4 Qe7
17.Qc2 Qg5 18.Nf1 Qe7 19.c5 dxc5 20.Bxa6 Rxa6 21.Bxc5 Rd6 22.Nd2 Qg5 23.Nc4 f5
24.O-O b6 25.f4 exf4 26.Bxd6 cxd6 27.Nxb6 Nf6 28.b5 Bg7 29.Nxd7 Nxd7 30.Ne2 Be5
31.exf5 gxf5 32.b6 Kh8 33.Kh1 Rg8 34.Ng1 Qd8 35.b7 Nb8 36.Qxf5 Rg5 37.Qc8 Rg8
38.Qxd8 Rxd8 39.Rfc1  1-0

[Event "SWE-chT 9394"]
[Site "SWE"]
[Date "1994.??.??"]
[Round "4"]
[White "Jonsson, Mikael"]
[Black "Wikner, Arvid"]
[Result "1-0"]
[WhiteElo "2285"]
[BlackElo "2215"]

1.d4 Nf6 2.c4 g6 3.Nc3 Bg7 4.e4 d6 5.Be2 O-O 6.Nf3 e5 7.Be3 Na6 8.dxe5 dxe5
9.Nd2 c6 10.c5 Be6 11.a3 Qe7 12.b4 Nc7 13.O-O Nfe8 14.Nc4 f5 15.f3 Rd8 16.Qc2 Nd5
17.exd5 cxd5 18.c6 d4 19.Bf2 e4 20.fxe4 dxc3 21.Rad1 bxc6 22.Rxd8 Qxd8 23.e5 Bd5
24.Rd1 Nc7 25.Bxa7 Na6 26.Ne3 Bxe5 27.Bxa6 Qh4 28.g3 Bxg3 29.hxg3 Qxg3+ 30.Ng2  1-0

[Event "SWE-chT 9394"]
[Site "SWE"]
[Date "1994.??.??"]
[Round "6"]
[White "Burwick, Malte"]
[Black "Bjork, Carl Magnus"]
[Result "0-1"]
[WhiteElo "2225"]
[BlackElo "2310"]

1.d4 Nf6 2.Nf3 g6 3.c4 Bg7 4.Nc3 O-O 5.e4 d6 6.Be2 Nbd7 7.O-O e5 8.Re1 c6
9.Bf1 exd4 10.Nxd4 Re8 11.Bf4 Nc5 12.f3 Qb6 13.Qd2 Ne6 14.Be3 Nxd4 15.Bxd4 Qb4
16.a3 Qb3 17.Qd1 Qxd1 18.Raxd1 Rd8 19.Be3 Be6 20.Rd2 Kf8 21.Red1 Ke7 22.Kf2 b6
23.h3 Ne8 24.Bd4 Bxd4+ 25.Rxd4 f6 26.Be2 Ng7 27.Bf1 Bf7 28.R4d2 a5 29.h4 a4
30.g3 Ne6 31.Re1 Nc5 32.Rdd1 Be6 33.Re3 Rd7 34.Ree1 Kf7 35.Re3 h5 36.Ree1 g5
37.Re3 gxh4 38.gxh4 Rg8 39.Ree1 f5 40.e5 dxe5 41.Rxe5 Rxd1 42.Nxd1 Rd8 43.Be2 Rd4
44.f4 Rxf4+ 45.Kg3 Rd4 46.Bxh5+ Kf6 47.Re1 Bxc4 48.Re8 Ne4+ 49.Kh2 Nd6 50.Rf8+ Ke7
51.Rh8 Rxh4+ 52.Kg3 Rh1 53.Rh7+ Kf6  0-1

[Event "SWE-chT 9394"]
[Site "SWE"]
[Date "1994.??.??"]
[Round "6"]
[White "Lyrberg, Patrik"]
[Black "Sanden, Stefan"]
[Result "0-1"]
[WhiteElo "2395"]
[BlackElo "2340"]

1.d4 Nf6 2.c4 g6 3.Nc3 Bg7 4.e4 d6 5.Nf3 O-O 6.Be2 e5 7.d5 a5 8.Bg5 h6 9.Bh4 Na6
10.Nd2 Qe8 11.a3 Bd7 12.b3 Nh7 13.Rb1 h5 14.f3 Bh6 15.O-O f5 16.b4 axb4 17.axb4 Be3+
18.Bf2 Bxf2+ 19.Rxf2 f4 20.c5 g5 21.c6 bxc6 22.dxc6 Be6 23.Nd5 Nf6 24.Bc4 Bxd5
25.Bxd5+ Kh8 26.Nf1 g4 27.Ra2 Qb8 28.Rba1 Qb6+ 29.Kh1 Ra7 30.Qe1 Nxb4 31.Rb1 Rxa2
32.Bxa2 Qa7 33.Rxb4 Qxa2 34.Rb7 gxf3 35.gxf3 Rg8 36.Nd2 Rg7 37.Qf2 Qc2 38.Rb8+ Kh7
39.Rf8 Qc1+ 40.Nf1 Ng8 41.Rf5 Kh6 42.h3 Ne7 43.Rf6+ Kh7 44.Kh2 Qxc6 45.Re6 Qc4
46.Rf6 Qd3 47.Kh1 Qd1 48.Re6 Nc6 49.Qh4 Qxf3+ 50.Kh2 Qg2+  0-1

[Event "SWZ-chT"]
[Site "SWZ"]
[Date "1994.??.??"]
[Round "1"]
[White "Giertz, Niklaus"]
[Black "Markovic, M."]
[Result "0-1"]
[WhiteElo "2265"]
[BlackElo "2095"]

1.Nf3 Nf6 2.c4 g6 3.Nc3 Bg7 4.e4 O-O 5.d4 d6 6.Be2 e5 7.dxe5 dxe5 8.Qxd8 Rxd8
9.Bg5 Re8 10.Nd5 Nxd5 11.cxd5 h6 12.Be3 c6 13.Bc4 Bd7 14.Nd2 Rc8 15.dxc6 Bxc6
16.f3 Nd7 17.Kf2 Bf8 18.Rhc1 Kg7 19.Nb3 a5 20.Rc2 a4 21.Nd2 Nc5 22.Rac1 Rd8
23.Ke2 Nd7 24.Nb1 Bb4 25.Nc3 Nf6 26.a3 Ba5 27.Bb5 Bxc3 28.Bxc6 Bxb2 29.Rxb2 bxc6
30.Rxc6 Rd7 31.Bxh6+ Kxh6 32.Rxf6 Rc8 33.Ra6 Rc4 34.Ra5 f6 35.Rd5 Rdc7 36.Rd6 Kg5
37.g3 Rc2+ 38.Rxc2 Rxc2+ 39.Ke3 Rc3+ 40.Rd3 Rc2 41.h4+ Kh6 42.f4 Kh5 43.Kf3 Rb2
44.fxe5 fxe5 45.Rd6 Rb3+ 46.Kg2 Re3 47.Kh3 g5 48.Re6 Rxe4 49.Re8 gxh4 50.Rh8+ Kg5
51.Rg8+ Kf5 52.gxh4 Re3+ 53.Rg3 Rb3 54.Kg2 Kf4 55.Rg8 Rxa3 56.Rf8+ Kg4 57.Kf2 e4
58.Ke2 Rh3 59.Ra8 a3 60.Ra4 a2 61.Kd2 Rh1  0-1

[Event "SWZ-chT"]
[Site "SWZ"]
[Date "1994.??.??"]
[Round "3"]
[White "Benz, Rolf"]
[Black "Lurje, Pawel"]
[Result "1/2-1/2"]
[WhiteElo "2185"]
[BlackElo "2155"]

1.d4 Nf6 2.Nf3 g6 3.c4 Bg7 4.Nc3 O-O 5.e4 d6 6.Be2 e5 7.dxe5 dxe5 8.Qxd8 Rxd8
9.Bg5 Nbd7 10.O-O-O Rf8 11.Ne1 Nc5 12.f3 Ne6 13.Be3 c5 14.Nd3 b6 15.Rhe1 Nd4
16.b3 Be6 17.Kb2 Nd7 18.Rd2 a6 19.Nd5 Bxd5 20.cxd5 Rfc8 21.Rc1 b5 22.Bxd4 exd4
23.Rdc2 Rab8 24.Ka1 Rc7 25.f4 Rbc8 26.Bg4 f5 27.exf5 Nf6 28.d6 c4 29.fxg6 Rd8
30.bxc4 Rxd6 31.cxb5 Rc3 32.Ne5 Nd5 33.gxh7+ Kxh7 34.Bf5+ Kg8 35.g3 axb5
36.Be4 b4 37.Bxd5+ Rxd5 38.Kb2 Bxe5 39.fxe5 Rxe5 40.Rd1 Rd5 41.Rf1 Ra5 42.Rff2 Rca3
43.Kc1 d3 44.Rb2 Rc3+ 45.Kd2 Rac5 46.Rf4 Rc2+ 47.Rxc2 Rxc2+ 48.Kxd3 Rxh2
49.Rxb4  1/2-1/2

[Event "SWZ-chT"]
[Site "SWZ"]
[Date "1994.??.??"]
[Round "3"]
[White "Rueetschi, Urs"]
[Black "Silva, Marco"]
[Result "0-1"]
[WhiteElo "2265"]
[BlackElo "2295"]

1.d4 Nf6 2.c4 g6 3.Nc3 Bg7 4.e4 d6 5.Nf3 O-O 6.Be2 e5 7.O-O Nbd7 8.Qc2 exd4
9.Nxd4 Re8 10.Rd1 Nc5 11.f3 Bd7 12.Bg5 c6 13.Rd2 Rc8 14.Qd1 Qc7 15.Kh1 h6
16.Bh4 Nh5 17.Nb3 Be6 18.Qg1 b6 19.Rad1 Be5 20.g3 g5 21.f4 Bxc3 22.bxc3 Nxe4
23.fxg5 Nxd2 24.Nxd2 Ng7 25.Ne4 Bd5 26.cxd5 Rxe4 27.Bf3 cxd5 28.Bxe4 dxe4
29.gxh6 Nf5 30.Bf6 e3 31.Qg2 Qc4 32.g4 Nxh6 33.g5 Nf5 34.g6 Qc6 35.Rd5 e2
36.gxf7+ Kxf7  0-1

[Event "SWZ-chT"]
[Site "SWZ"]
[Date "1994.??.??"]
[Round "7"]
[White "Jakob, Simon"]
[Black "Markovic, M."]
[Result "0-1"]
[WhiteElo "2165"]
[BlackElo "2095"]

1.d4 Nf6 2.Nf3 g6 3.c4 Bg7 4.Nc3 O-O 5.e4 d6 6.Be2 e5 7.dxe5 dxe5 8.Qxd8 Rxd8
9.Bg5 Re8 10.Nd5 Nxd5 11.cxd5 c6 12.Bc4 cxd5 13.Bxd5 Nd7 14.Nd2 Nc5 15.Nc4 Be6
16.Nd6 Reb8 17.O-O-O Bf8 18.Bxe6 Nxe6 19.Be3 b5 20.Kb1 a5 21.Rd2 Ra6 22.Rhd1 Be7
23.g3 Nc7 24.f4 exf4 25.gxf4 Rc6 26.e5 f6 27.exf6 Bxf6 28.Ne4 Re8 29.Nxf6+ Rxf6
30.Rd8 Re6 31.Rxe8+ Nxe8 32.Bd4 Rd6 33.Kc2 Kf7 34.b3 Nc7 35.Be5 Rxd1 36.Kxd1 Nd5
37.Kd2 Ke6 38.Bb8 Kf5 39.Kd3 Nb4+ 40.Kc3 Nxa2+ 41.Kd4 Nc1 42.Kc5 Nxb3+ 43.Kxb5 Nd4+
44.Ka4 Nf3 45.Kxa5 Nxh2 46.Kb4 Nf1 47.Kc3 Ke4 48.Kc2 Kf3 49.Kd1 Ne3+ 50.Ke1 h5
51.f5 gxf5 52.Bh2 h4  0-1

[Event "SWZ-chT"]
[Site "SWZ"]
[Date "1994.??.??"]
[Round "8"]
[White "Toth, Bela"]
[Black "Markovic, M."]
[Result "1-0"]
[WhiteElo "2330"]
[BlackElo "2095"]

1.d4 Nf6 2.c4 d6 3.Nc3 Nbd7 4.Nf3 e5 5.e4 g6 6.Be2 Bg7 7.O-O O-O 8.Re1 a5
9.Bf1 b6 10.b3 Bb7 11.Bb2 exd4 12.Nxd4 Nc5 13.f3 Nfd7 14.Qd2 Ne5 15.Rad1 Ned3
16.Bxd3 Bxd4+ 17.Kh1 Qh4 18.g3 Qh5 19.Kg2 Rae8 20.Be2 Ne6 21.Nd5 Bxb2 22.Qxb2 Bxd5
23.cxd5 Nc5 24.f4 Qh6 25.Bf3 Re7 26.h4 Rfe8 27.Qd4 Qg7 28.Qc4 Kh8 29.Re2 f5
30.Rde1 b5 31.Qxb5 fxe4 32.Bxe4 Nxe4 33.Rxe4 Rxe4 34.Qxe8+ Rxe8 35.Rxe8+ Qg8
36.Rxg8+ Kxg8 37.g4 h5 38.Kf3 Kf7 39.gxh5 gxh5 40.Ke4 Kf6 41.a3 Kf7 42.f5 Kg7
43.b4 axb4 44.axb4 Kh6 45.Kf4  1-0

[Event "SWZ-chT"]
[Site "SWZ"]
[Date "1994.??.??"]
[Round "9"]
[White "Huss, Andreas"]
[Black "Vogt, Lothar"]
[Result "1-0"]
[WhiteElo "2420"]
[BlackElo "2490"]

1.d4 Nf6 2.Nf3 g6 3.c4 Bg7 4.Nc3 O-O 5.e4 d6 6.Be2 e5 7.d5 Nbd7 8.Bg5 h6
9.Bh4 a5 10.Nd2 Nc5 11.O-O h5 12.Bg5 Qe8 13.Rc1 Bd7 14.b3 Nh7 15.Be3 h4 16.a3 f5
17.h3 Na6 18.Nf3 Bf6 19.Rb1 g5 20.Nh2 g4 21.hxg4 f4 22.Bd2 Qg6 23.b4 axb4
24.axb4 b6 25.Rb3 Ng5 26.Qb1 h3 27.g3 fxg3 28.fxg3 Nb8 29.c5 bxc5 30.bxc5 dxc5
31.Rb7 Rc8 32.Bb5 Nf7 33.Bxd7 Nxd7 34.Nb5 Bg5 35.Nxc7 Ra3 36.Ne6 Rxg3+ 37.Kh1 Nf6
38.Rxf7 Qxf7 39.Nxg5 Qg6 40.Rf5 Nxg4 41.Nxg4 Rxg4 42.Qb7 Re8 43.d6 Kh8 44.d7 Rd8
45.Qc7  1-0

[Event "Wch U18"]
[Site "Szeged"]
[Date "1994.??.??"]
[Round "2"]
[White "Kempinski, Robert"]
[Black "Balogh, Tomas"]
[Result "0-1"]
[WhiteElo "2385"]
[BlackElo "2250"]

1.Nf3 Nf6 2.c4 g6 3.Nc3 Bg7 4.e4 d6 5.d4 O-O 6.Be2 e5 7.d5 a5 8.Bg5 h6 9.Bh4 Qe8
10.Nd2 Na6 11.a3 Bd7 12.Nb5 Nh7 13.O-O f5 14.f3 f4 15.b4 g5 16.Bf2 axb4 17.axb4 Qg6
18.Qb3 g4 19.fxg4 Bxg4 20.Bxg4 Qxg4 21.c5 Ng5 22.cxd6 cxd6 23.Bb6 Nc5 24.bxc5 f3
25.Nxf3 Rxa1 26.Rxa1 Rxf3 27.Qc4 Nh3+ 28.Kh1 Rf2  0-1

[Event "Wch U16"]
[Site "Szeged"]
[Date "1994.??.??"]
[Round "3"]
[White "Mirzoev, Azer"]
[Black "Krakops, Maris"]
[Result "0-1"]
[WhiteElo "2365"]
[BlackElo "2385"]

1.d4 Nf6 2.Nf3 g6 3.c4 Bg7 4.Nc3 d6 5.e4 O-O 6.Be2 e5 7.d5 a5 8.Bg5 h6 9.Bh4 Na6
10.Nd2 Qe8 11.a3 Bd7 12.b3 Nh7 13.O-O h5 14.f3 Bh6 15.Rb1 Be3+ 16.Kh1 Bc5
17.Qc1 Kh8 18.Na2 f5 19.b4 axb4 20.axb4 Be3 21.Nc3 g5 22.Be1 Qg6 23.Rb3 f4
24.Nd1 Bd4 25.h3 Rg8 26.Nf2 Nf6 27.Qb1 Rg7 28.Rd3 g4 29.fxg4 hxg4 30.Nxg4 Nxg4
31.Bxg4 Bxg4 32.hxg4 Be3 33.Rf3 Qxg4 34.Rh3+ Kg8 35.Rh2 Qe2 36.g3 Rh7 37.Rxh7 Kxh7
38.gxf4 Rg8  0-1

[Event "Wch U14 Girls"]
[Site "Szeged"]
[Date "1994.??.??"]
[Round "4"]
[White "Hoang Than Trang"]
[Black "Radziewicz, Iweta"]
[Result "1-0"]
[WhiteElo "2260"]
[BlackElo "2085"]

1.d4 Nf6 2.c4 g6 3.Nc3 Bg7 4.e4 d6 5.Be2 O-O 6.Nf3 e5 7.dxe5 dxe5 8.Qxd8 Rxd8
9.Nd5 Rd7 10.Nxe5 Nxd5 11.Nxd7 Nb4 12.Nxb8 Nc2+ 13.Kd1 Nxa1 14.Bf4 Bxb2 15.Bxc7 a5
16.f4 a4 17.Kd2 Be6 18.Be5 a3 19.Bxb2 axb2 20.Kc3 Rxa2 21.Rb1 Ra3+ 22.Kxb2 Re3
23.Bd1 Rxe4 24.Kxa1 Rxc4 25.Rxb7 Rxf4 26.Bf3 g5 27.Kb2 Rh4 28.h3 g4 29.hxg4 Bxg4
30.Rb4 h5 31.Nd7 Kg7 32.Kc3 f5 33.Kd3 Rh1 34.Ke3 Rf1 35.Ne5 Kf6 36.Kf4 Re1
37.Rb6+ Kg7 38.Bd5 Re2 39.Rb7+ Kh6 40.Rb6+ Kg7 41.Kg5 Rxe5 42.Rb7+  1-0

[Event "Wch U16"]
[Site "Szeged"]
[Date "1994.??.??"]
[Round "5"]
[White "Mirzoev, Azer"]
[Black "Grigore, Nicolae Petre"]
[Result "0-1"]
[WhiteElo "2365"]
[BlackElo "2185"]

1.d4 Nf6 2.c4 g6 3.Nf3 Bg7 4.Nc3 O-O 5.e4 d6 6.Be2 e5 7.d5 Na6 8.Bg5 h6 9.Bh4 g5
10.Bg3 Nxe4 11.Nxe4 f5 12.Nc3 f4 13.Nd2 fxg3 14.hxg3 Bf5 15.Bg4 Bd3 16.Be2 Nc5
17.O-O Bg6 18.Bf3 Qe7 19.Nde4 g4 20.Nxc5 gxf3 21.Ne6 fxg2 22.Kxg2 Rf7 23.Rh1 Bf5
24.Nxg7 Kxg7 25.Qd2 Qf6 26.Rh4 Raf8 27.Rah1 Qg5 28.Qe2 Bg6 29.Rf1 Rf4 30.Rh2 Rf3
31.Ne4 Qg4 32.Rh4 Rxg3+ 33.Nxg3 Qxh4 34.Rh1 Qg5 35.b3 Rf4 36.Kf1 Qxg3  0-1

[Event "Wch U18"]
[Site "Szeged"]
[Date "1994.??.??"]
[Round "7"]
[White "Musat, Adrian"]
[Black "Sutovskij, Emil"]
[Result "1/2-1/2"]
[WhiteElo "2350"]
[BlackElo "2470"]

1.Nf3 Nf6 2.c4 g6 3.Nc3 Bg7 4.e4 d6 5.d4 O-O 6.Be2 Nbd7 7.O-O e5 8.Be3 Qe7
9.dxe5 dxe5 10.Nd5 Qd8 11.Nxf6+ Bxf6 12.Qc2 Qe7 13.c5 c6 14.Rfd1 Re8 15.b4 Nf8
16.Nd2 Bg5 17.Nc4 Bxe3 18.fxe3 Qg5 19.Qd2 Bh3 20.Bf1 Bg4 21.Be2 h5 22.Nd6 Re7
23.Rf1 Bxe2 24.Qxe2 Ne6 25.Rf3 Qh6 26.Raf1 Ng5 27.Rf6 Qg7 28.h4 Ne6 29.Rxf7 Rxf7
30.Rxf7 Qxf7 31.Nxf7 Kxf7 32.Qb2 Kf6 33.b5 Nxc5 34.bxc6 bxc6 35.Qb4 Ne6 36.Qb7 Rd8
37.Qxa7 c5 38.Qa4 Rd3 39.Qc2 Ra3 40.Qb2 Ra7 41.Qb3 Rc7 42.a4 c4 43.Qc3 Rc6
44.Kf1 Nd8 45.Ke2 Nb7 46.Kd1 Nd6 47.Kc2 Nxe4 48.Qb4 Nd6 49.a5 Ke6 50.e4 Kd7
51.Qa4 Nxe4 52.Qa1 Nc5 53.Qxe5 Na6  1/2-1/2

[Event "Wch U16"]
[Site "Szeged"]
[Date "1994.??.??"]
[Round "7"]
[White "Mirzoev, Azer"]
[Black "Tihonov, Jurij"]
[Result "1/2-1/2"]
[WhiteElo "2365"]
[BlackElo "2230"]

1.d4 Nf6 2.Nf3 g6 3.c4 Bg7 4.Nc3 O-O 5.e4 d6 6.Be2 e5 7.dxe5 dxe5 8.Qxd8 Rxd8
9.Bg5 Re8 10.Nd5 Nxd5 11.cxd5 c6 12.Bc4 cxd5 13.Bxd5 Nd7 14.Nd2 Nb6 15.Bb3 Be6
16.Ke2 Bf8 17.Rhc1 Rac8 18.Be3 f5 19.Bxe6+ Rxe6 20.Rxc8 Nxc8 21.Rc1 Re8 22.f3 Bd6
23.Nc4 Bb8 24.Na5 Nd6 25.Rd1 Rc8 26.exf5 b6 27.Nb3 gxf5 28.Rc1 Rxc1 29.Nxc1 Nc4
30.b3 Nxe3 31.Kxe3 Kf7 32.g4 e4 33.h3 exf3 34.Kxf3 fxg4+ 35.hxg4 Ke6 36.Ke4 Kf6
37.Nd3 Bd6 38.a4 Kg5 39.Kf3 a6 40.Nf2 Be5 41.Nd3  1/2-1/2

[Event "Wch U18"]
[Site "Szeged"]
[Date "1994.??.??"]
[Round "9"]
[White "Musat, Adrian"]
[Black "Ovsejevitsch, Sergei"]
[Result "0-1"]
[WhiteElo "2350"]
[BlackElo "2325"]

1.Nf3 Nf6 2.c4 g6 3.Nc3 Bg7 4.e4 d6 5.d4 O-O 6.Be2 e5 7.Be3 Ng4 8.Bg5 f6
9.Bh4 g5 10.Bg3 Nh6 11.dxe5 fxe5 12.h4 g4 13.Nh2 Be6 14.Nd5 Qd7 15.Ne3 Nc6
16.Nhxg4 Nd4 17.f3 Qf7 18.Nh2 Kh8 19.Bf2 Ng8 20.Nhf1 h5 21.Bd3 Ne7 22.Ng3 Bh6
23.Nd5 Nec6 24.Bf1 Rg8 25.a3 a5 26.Ne2 Raf8 27.Nxd4 Nxd4 28.Ne3 b5 29.Nc2 Nb3
30.cxb5 Bd2+  0-1

[Event "Szekszard op"]
[Site "Szekszard"]
[Date "1994.??.??"]
[Round "1"]
[White "Agamaliev, Djamil"]
[Black "Toth, Andras"]
[Result "1-0"]
[WhiteElo "2440"]
[BlackElo "2165"]

1.d4 Nf6 2.Nf3 g6 3.c4 Bg7 4.Nc3 O-O 5.e4 d6 6.Be2 e5 7.d5 a5 8.Bg5 Na6 9.Nd2 Qe8
10.O-O h6 11.Be3 Kh7 12.a3 Bd7 13.b3 Ng8 14.Rb1 f5 15.f3 f4 16.Bf2 g5 17.b4 axb4
18.axb4 b6 19.Qb3 h5 20.Ra1 g4 21.Bh4 Bf6 22.Bxf6 Nxf6 23.c5 Bc8 24.cxd6 cxd6
25.Nc4 Qd8 26.fxg4 hxg4 27.Qd1 Rg8 28.b5 Nc7 29.g3 Nh5 30.Rxa8 Nxa8 31.Qe1 Qc7
32.Qf2 Rg6 33.Ra1 Bb7 34.Kh1 Rh6 35.gxf4 g3 36.Qf3 Nxf4 37.Qxg3 Nxe2 38.Nxe2 Qxc4
39.Qf3 Qc7 40.Qf5+ Kh8 41.Qf8+ Kh7 42.Rf1 Qg7 43.Rf7 Rg6 44.Ng3 Qxf7 45.Qxf7+ Rg7
46.Qh5+ Kg8 47.Nf5 Rc7 48.Qg6+ Kh8 49.Nxd6  1-0

[Event "Szekszard op"]
[Site "Szekszard"]
[Date "1994.??.??"]
[Round "5"]
[White "Agamaliev, Djamil"]
[Black "Groszpeter, Attila"]
[Result "1/2-1/2"]
[WhiteElo "2440"]
[BlackElo "2520"]

1.d4 Nf6 2.Nf3 g6 3.c4 Bg7 4.Nc3 O-O 5.e4 d6 6.Be2 e5 7.Be3 Ng4 8.Bg5 f6
9.Bc1 Nc6 10.d5 Ne7 11.Nd2 Nh6 12.b4 f5 13.c5 a5 14.bxa5 dxc5 15.Nc4 fxe4
16.Be3 Nhf5 17.Bxc5 Nd4 18.O-O Nxd5 19.Nxd5 Qxd5 20.Bxf8 Bxf8 21.Ne3 Qxa5
22.Bc4+ Kh8 23.Qb1 b5 24.Bd5 c6 25.Bxe4 Be6 26.Kh1 Bxa2 27.Qd1 Qd8 28.Qc1 Be6
29.Rxa8 Qxa8 30.Nc2 Bc4 31.Re1 Bg7 32.Qa1 Qc8 33.Qa7 Kg8 34.Nxd4 exd4 35.Qc5 Qf8
36.Qxf8+ Kxf8 37.Bxc6 b4 38.Re8+ Kf7 39.Rd8 Be6  1/2-1/2

[Event "ISR-ch"]
[Site "Tel Aviv"]
[Date "1994.??.??"]
[Round "3"]
[White "Huzman, Alexander"]
[Black "Sutovskij, Emil"]
[Result "1/2-1/2"]
[WhiteElo "2575"]
[BlackElo "2480"]

1.d4 Nf6 2.Nf3 g6 3.c4 Bg7 4.Nc3 O-O 5.e4 d6 6.Be2 Nbd7 7.O-O e5 8.Qc2 Nh5
9.Rd1 Nf4 10.Bf1 c5 11.dxe5 dxe5 12.Rb1 Ne6 13.b4 g5 14.Be3 Nd4 15.Bxd4 exd4
16.Nd5 g4 17.Ne1 cxb4 18.Rxb4  1/2-1/2

[Event "ISR-ch"]
[Site "Tel Aviv"]
[Date "1994.??.??"]
[Round "4"]
[White "Khenkin, Igor"]
[Black "Maryasin, Boris"]
[Result "1-0"]
[WhiteElo "2580"]
[BlackElo "2330"]

1.d4 Nf6 2.c4 g6 3.Nc3 Bg7 4.e4 d6 5.Nf3 O-O 6.Be2 e5 7.d5 a5 8.Bg5 h6 9.Bh4 Na6
10.O-O Qe8 11.Nd2 Nh7 12.a3 h5 13.f3 Bd7 14.b3 Bh6 15.Rb1 Nc5 16.Qc2 f5 17.b4 axb4
18.axb4 Na4 19.Nb5 Qb8 20.c5 dxc5 21.bxc5 Nxc5 22.Qxc5 Bxd2 23.d6 c6 24.Bc4+ Kg7
25.Qxe5+ Kh6 26.Nc7 Ra4 27.Bb3 Ra5 28.Qe7 Qc8 29.Be6 Re5 30.Bxd7 Rxe7 31.Bxc8 Rxc7
32.dxc7 Rxc8 33.Rxb7 g5 34.Bg3 f4 35.Bf2 Ba5 36.Rc1  1-0

[Event "ISR-ch"]
[Site "Tel Aviv"]
[Date "1994.??.??"]
[Round "5"]
[White "Rechlis, Gad"]
[Black "Gofshtein, Leonid D"]
[Result "1/2-1/2"]
[WhiteElo "2510"]
[BlackElo "2495"]

1.c4 g6 2.d4 Nf6 3.Nc3 Bg7 4.e4 d6 5.Be2 O-O 6.Nf3 e5 7.O-O Na6 8.Be3 Ng4
9.Bg5 Qe8 10.h3 Nf6 11.dxe5 dxe5 12.Qc2 c6 13.Rfd1 Nc5 14.Be3 Nfd7 15.Rd6 Ne6
16.b4 Qe7 17.c5 a5 18.Qa4 b5 19.Qb3 axb4 20.Qxb4 Nb8 21.Rad1 Qc7 22.a4 Na6
23.Qb1 b4 24.Bxa6 bxc3 25.Bxc8 Rfxc8 26.Qb3 Qa5 27.Rxe6 Rcb8 28.Qc4 Rb4 29.Qxc3 fxe6
30.Qd3 Qc7 31.Ng5 Re8 32.Qd6 Qc8 33.a5  1/2-1/2

[Event "ISR-ch"]
[Site "Tel Aviv"]
[Date "1994.??.??"]
[Round "6"]
[White "Oratovsky, Michael"]
[Black "Tseitlin, Mark D"]
[Result "1/2-1/2"]
[WhiteElo "2520"]
[BlackElo "2465"]

1.Nf3 Nf6 2.c4 g6 3.Nc3 Bg7 4.e4 d6 5.d4 O-O 6.Be2 e5 7.O-O Na6 8.Be3 Ng4
9.Bg5 Qe8 10.h3 h6 11.Bc1 exd4 12.Nd5 c6 13.hxg4 cxd5 14.g5 hxg5 15.exd5 g4
16.Nxd4 Bxd4 17.Qxd4 Qxe2 18.Bf4 Qe7 19.Rae1 Qd8 20.Bh6 f6 21.Bxf8 Qxf8 22.f3 g3
23.Qh4 Bf5 24.Qxg3 Nc5 25.Re3 a5 26.Qf4 Nd3 27.Qd4 Ne5 28.Rb3 Qc8 29.Rc1 a4
30.Rbc3 Qc5 31.Qxc5 dxc5 32.g4 Bd7 33.Kg2 Ra6 34.Kg3 Rb6 35.b3 Ra6 36.g5 axb3
37.Rxb3 Rxa2 38.gxf6 Kf7 39.f4 Ng4 40.Rxb7 Ra3+ 41.Kg2 Nxf6 42.Re1 Rd3 43.Rc7 Rd4
44.Rxc5 Rxf4 45.Rc7 g5 46.Re6 Rg4+ 47.Kf3 Rf4+ 48.Ke3 Rh4 49.Rd6 Re4+ 50.Kf2 Rf4+
51.Ke3 Re4+ 52.Kf2 Rf4+  1/2-1/2